Bridgerton Character by Clue - Statistics

General Stats
  • This quiz has been taken 35 times
  • The average score is 13 of 15
Answer Stats
Hint Answer % Correct
Timid, Pianoforte, Grief Francesca Bridgerton
100%
Horse-riding, Bangles, Big Sister Kate Bridgerton
100%
Quill, Wallflower, Glow-up Penelope Bridgerton
100%
Kite, Painting, Open-minded Benedict Bridgerton
97%
Travelling, Carriage, Hot Air Balloon Colin Bridgerton
97%
Books, Spinster, Detective Eloise Bridgerton
97%
Pomeranians, Chess, Wigs Queen Charlotte
97%
Diamond, Fan, Punch Daphne Basset
91%
Garden in bloom, Birthday Crowns, Meddling Violet Bridgerton
91%
Mallet of Death, Heroic, Quick temper Anthony Bridgerton
88%
Duel, Rake, Letters Simon Basset
88%
Pink, Arranged Marriage, Identity Thief Cressida Gun
76%
Amethyst, Glove, Dowry Sophie Bridgerton
76%
Lady-in-waiting, Resilient, Cleopatra Mrs Alice Mondrich
67%
Sneaky, All-knowing, Ally Mrs Varley
6%
No matching quizzes found
Score Distribution
Percent of People with Each Score
Percentile by Number Answered
Your Score History
You have not taken this quiz